|
|
|
|
| LEADER |
02077nam a22005295i 4500 |
| 001 |
978-1-137-51429-5 |
| 003 |
DE-He213 |
| 005 |
20160523194146.0 |
| 007 |
cr nn 008mamaa |
| 008 |
160126s2016 xxk| s |||| 0|eng d |
| 020 |
|
|
|a 9781137514295
|9 978-1-137-51429-5
|
| 024 |
7 |
|
|a 10.1057/9781137514295
|2 doi
|
| 040 |
|
|
|d GrThAP
|
| 050 |
|
4 |
|a HD28-70
|
| 072 |
|
7 |
|a KJC
|2 bicssc
|
| 072 |
|
7 |
|a BUS041000
|2 bisacsh
|
| 082 |
0 |
4 |
|a 658.4092
|2 23
|
| 245 |
1 |
0 |
|a Dynamic Shipping and Port Development in the Globalized Economy
|h [electronic resource] :
|b Volume 1: Applying Theory to Practice in Maritime Logistics /
|c edited by Paul Tae-Woo Lee, Kevin Cullinane.
|
| 264 |
|
1 |
|a London :
|b Palgrave Macmillan UK :
|b Imprint: Palgrave Macmillan,
|c 2016.
|
| 300 |
|
|
|a XVI, 221 p.
|b online resource.
|
| 336 |
|
|
|a text
|b txt
|2 rdacontent
|
| 337 |
|
|
|a computer
|b c
|2 rdamedia
|
| 338 |
|
|
|a online resource
|b cr
|2 rdacarrier
|
| 347 |
|
|
|a text file
|b PDF
|2 rda
|
| 520 |
|
|
|a This two volume book presents an in-depth analysis of many of the most important issues facing today's shipping and port sectors. Volume 2 of Dynamic Shipping and Port Development in the Globalized Economy focuses on the emerging trends in ports.
|
| 650 |
|
0 |
|a Business.
|
| 650 |
|
0 |
|a Transportation.
|
| 650 |
|
0 |
|a Management.
|
| 650 |
|
0 |
|a Leadership.
|
| 650 |
|
0 |
|a International business enterprises.
|
| 650 |
|
0 |
|a International economics.
|
| 650 |
|
0 |
|a Development economics.
|
| 650 |
1 |
4 |
|a Business and Management.
|
| 650 |
2 |
4 |
|a Business Strategy/Leadership.
|
| 650 |
2 |
4 |
|a International Business.
|
| 650 |
2 |
4 |
|a Management.
|
| 650 |
2 |
4 |
|a Transportation.
|
| 650 |
2 |
4 |
|a International Economics.
|
| 650 |
2 |
4 |
|a Development Economics.
|
| 700 |
1 |
|
|a Lee, Paul Tae-Woo.
|e editor.
|
| 700 |
1 |
|
|a Cullinane, Kevin.
|e editor.
|
| 710 |
2 |
|
|a SpringerLink (Online service)
|
| 773 |
0 |
|
|t Springer eBooks
|
| 776 |
0 |
8 |
|i Printed edition:
|z 9781349703005
|
| 856 |
4 |
0 |
|u http://dx.doi.org/10.1057/9781137514295
|z Full Text via HEAL-Link
|
| 912 |
|
|
|a ZDB-2-BUM
|
| 950 |
|
|
|a Business and Management (Springer-41169)
|